00538nam a2200145Ia 4500003000900000008004100009020002600050040001600076100003100092245008100123260003200204300002000236490003300256856010300289IN-BaIIA211028s9999 xx s 000 0 eng d a9780819429759 (Print) cIIA Library aDegtyareva, Valentina, ed. 0a23rd International Congress on High-Speed Photography and Photonicsh[eBook] aWashington, USAbSPIEc1999 aOnline resource aProceedings of SPIE; V. 3516 uhttps://www.spiedigitallibrary.org/conference-proceedings-of-spie/3516yClick Here to Access eBook